[Event "VI Sunway Sitges Open 2019"]
[Site "Sitges"]
[Date "2019.12.18"]
[Round "6.9"]
[White "Erigaisi Arjun"]
[Black "Sethuraman, S.P."]
[Result "1-0"]
[WhiteElo "2544"]
[BlackElo "2638"]
[Annotator "TA"]
[PlyCount "129"]
[EventDate "2019.12.13"]
[EventType "swiss"]
[EventCountry "ESP"]
[SourceTitle "playchess.com"]
[Source "ChessBase"]
[SourceQuality "1"]

{[%evp 10,129,22,17,16,16,17,12,12,9,18,18,25,20,23,-5,20,-4,10,0,35,26,32,36,37,32,46,19,42,40,58,34,27,33,36,-15,-20,-31,0,0,0,0,0,0,-11,-22,0,-32,-20,-28,0,-38,-35,-33,-37,-86,-78,-87,-75,-76,-72,-68,-60,-69,-60,-63,-64,-79,-57,-41,-41,-78,-54,-61,0,0,0,-76,-6,-45,-29,-37,0,0,0,-207,-206,-197,-159,-148,0,0,0,0,0,0,0,0,0,0,0,0,0,0,0,0,0,0,0,0,29986,29987,29988,29989,29989,29990,29990,29991,29991,29992,29992,29993]} 1. d4 f5 2. Nc3 Nf6 3. Bg5 d5 4. Bxf6 exf6 5. e3 Be6 6. Bd3 Qd7 {A80: Dutch Defence: Unusual White second moves} 7. Nce2 (7. Nge2 h5 8. a3 g6 9. O-O Bh6 10. b3 Nc6 11. Na4 b6 12. c4 Ne7 13. Nac3 O-O 14. Qc2 {1-0 (38) Gupta,A (2645)-Sandipan,C (2573) Moscow 2017}) 7... Nc6 8. c3 Bd6 {The position is equal.} 9. Qc2 Ne7 $146 ({Predecessor:} 9... g6 10. Nf3 Bf7 11. a3 Na5 12. b3 b6 13. O-O O-O 14. Rfd1 {½-½ (32) Janssen,R (2501)-Nijboer,F (2529) Leeuwarden 2005}) 10. Nf3 c6 11. Nd2 g6 12. O-O Qc7 13. Kh1 h5 14. c4 Qd7 15. c5 Bc7 16. b4 h4 17. b5 cxb5 18. Rab1 Kf7 19. Bxb5 Nc6 20. Ba4 Rab8 21. Rb2 Qc8 22. f4 (22. Rfb1 $14) 22... h3 $11 23. g3 Kg7 24. Nc3 Bf7 25. Nb5 Re8 26. Qd3 Re7 27. Kg1 Qe6 28. Kf2 Na5 29. Bd1 Nc4 30. Nxc7 Rxc7 31. Nxc4 dxc4 32. Qd2 Qc6 33. Bf3 Bd5 34. Qd1 Re8 35. Bxd5 Qxd5 36. Qf3 Re4 $1 {[%cal Re4d4]} 37. Re2 $1 b6 38. cxb6 axb6 39. g4 Qe6 40. Rg1 c3 $1 {aiming for ...fxg4.} 41. Rc2 fxg4 (41... Ra7 $1 $15 42. gxf5 Qxf5) 42. Qxg4 f5 $36 {[%mdl 2048] Black is more active.} 43. d5 (43. Qg5 $11 {remains equal.}) 43... Qf6 (43... b5 $17 {...Qb6! is the strong threat.} 44. dxe6 fxg4) 44. Qxh3 b5 45. a3 Ra4 {[%mdl 1024] Black has compensation.} 46. Qf1 $1 Rcc4 47. Qb1 $2 (47. Qd3 $11 {and White is okay.}) 47... Qb6 $19 ({Weaker is} 47... Rxa3 48. Qxb5 Raa4 49. Qb7+ Qf7 50. Qxf7+ Kxf7 51. Rb1 $16) 48. Kf3 Qc5 49. Qd1 Rxa3 ({Don't blunder} 49... Qxa3 $2 50. d6 $18) (49... Re4 $17 50. Qd3 Rxf4+ $1 {[%mdl 512]} 51. exf4 Qxg1) 50. Qd3 $11 Kf7 51. h4 $1 {[%cal Rh4h5] Hoping for h5!} Qe7 {[#] Strongly threatening ...Qe4+.} 52. h5 $1 {[%cal Rh5g6][%mdl 512]} Qe4+ (52... gxh5 53. Qxf5+) 53. Qxe4 fxe4+ {[%mdl 4096] Endgame KRR-KRR} 54. Kg4 Ra6 55. f5 gxf5+ 56. Kxf5 {Black must now prevent Ke5.} Rh6 57. Rg5 b4 {Threatens to win with ...b3.} 58. Ke5 {And now Rf2+ would win.} Rh7 59. h6 {White wants to mate with Rf2+.} b3 $2 {[%mdl 8192]} ({Don't go for} 59... Rxh6 $2 60. Rf2+ Ke7 61. Rg7+ Ke8 62. Rg8+ Ke7 {[#]} 63. d6+ $1 {[%mdl 512]} Kd7 64. Rf7+ Kc6 65. Rc7+ Kb6 66. Rb8+ Ka6 67. Rxc4 $18) (59... Ke8 $11) 60. Rf2+ {White mates.} Ke7 61. Rg7+ Rxg7 62. hxg7 Rc8 63. d6+ Kd7 64. Rf7+ Kc6 65. Rf8 {Accuracy: White = 68%, Black = 65%.} 1-0

[Event "VI Sunway Sitges Open 2019"]
[Site "Sitges"]
[Date "2019.12.18"]
[Round "6.10"]
[White "Tabatabaei, M.amin"]
[Black "Narayanan, Srinath"]
[Result "1-0"]
[WhiteElo "2635"]
[BlackElo "2529"]
[Annotator "TA"]
[PlyCount "85"]
[EventDate "2019.12.13"]
[EventType "swiss"]
[EventCountry "ESP"]
[SourceTitle "playchess.com"]
[Source "ChessBase"]
[SourceQuality "1"]

{[%evp 20,85,20,14,45,0,0,7,4,0,0,0,0,0,36,33,48,27,12,0,38,0,42,45,131,145,135,-311,62,2,2,6,168,177,187,183,175,182,182,190,191,182,182,168,179,182,274,271,256,211,311,310,396,396,364,360,29973,29974,29974,29975,29975,29976,29974,29976,29969,591,29971,29972]} 1. e4 e5 2. Nf3 Nc6 3. Bb5 a6 4. Ba4 Nf6 5. O-O Be7 6. Re1 b5 7. Bb3 O-O 8. h3 Bb7 9. d3 d6 10. a3 Qd7 11. Nc3 Nd8 {C88: Closed Ruy Lopez: Anti-Marshall Systems} 12. Ne2 Ne6 13. Ng3 c5 {The position is equal.} 14. c3 Rfe8 15. d4 exd4 16. cxd4 {[#]} cxd4 $146 ({Predecessor:} 16... d5 17. e5 Ne4 18. Nf5 Bf8 19. Be3 {½-½ (51) Svidler,P (2732)-Inarkiev,E (2674) Moscow 2007}) 17. Nxd4 Nc5 {[%cal Rf6e4]} 18. Bc2 Bf8 {[%cal Rc5e4]} 19. f3 g6 20. Bf4 Bg7 21. Qd2 $36 {[%mdl 2048] White fights for an advantage.} h5 ({Black should play} 21... Rac8 $14) 22. Rad1 $16 Rac8 23. Nxh5 $2 {[%mdl 8192]} (23. Bh6 $16 Bh8 24. Nf1) 23... gxh5 $2 (23... Nxh5 $19 24. Bh2 Qc7) 24. Nf5 {[#]} (24. Bh6 $1 $14 Ne6 25. Nf5 {[%mdl 64] Discovered Attack}) 24... Ncxe4 $1 $11 25. Bxe4 Rxe4 $2 (25... Bxe4 $11 26. Nxd6 Bd5 27. Nxc8 Qxc8) 26. fxe4 $18 Nxe4 27. Rxe4 {Strongly threatening Ne7+.} Bxe4 28. Nxg7 Rc2 29. Qe3 Rxg2+ 30. Kf1 Rxg7 31. Qxe4 Qxh3+ {[#]} 32. Kf2 $1 Rg6 (32... Qh4+ $142 33. Ke3 Qh3+ 34. Qf3 Qe6+ 35. Kf2 Qg6) 33. Rxd6 Qh4+ 34. Ke3 Qe1+ (34... Rxd6 $142 35. Bxd6 Qg5+ 36. Bf4 Qg1+ 37. Kd2 Qg4) 35. Kd4 Qf2+ 36. Kd5 Rxd6+ 37. Bxd6 h4 $2 (37... Kg7 $18 38. Be5+ Kh6 39. Bf4+ Kg7) 38. Qg4+ Kh7 39. Qh5+ Kg8 40. Qg5+ Kh7 41. Be5 {[%csl Ge5][%cal Rg5g7]} Qf3+ 42. Kd6 (42. Kc5 $142 Qf2+ 43. Kb4 f6 44. Bxf6 Qe1+ 45. Kc5 Qf2+ 46. Kc6 Qc2+ {[#]} 47. Kb6 $1 {[%mdl 512]}) 42... Qd3+ {[#]} 43. Kc7 {Played: Kd6-e7} 1-0

[Event "VI Sunway Sitges Open 2019"]
[Site "Sitges"]
[Date "2019.12.18"]
[Round "6.11"]
[White "Harsha Bharathakoti"]
[Black "Vocaturo, Daniele"]
[Result "1/2-1/2"]
[WhiteElo "2523"]
[BlackElo "2627"]
[Annotator "TA"]
[PlyCount "85"]
[EventDate "2019.12.13"]
[EventType "swiss"]
[EventCountry "ESP"]
[SourceTitle "playchess.com"]
[Source "ChessBase"]
[SourceQuality "1"]

{[%evp 11,85,25,36,28,39,21,38,36,33,28,29,37,25,22,72,77,77,60,66,67,80,28,89,84,80,75,91,74,62,93,108,102,102,101,140,160,178,185,288,291,286,288,274,262,245,202,202,202,202,202,201,201,201,201,201,201,201,201,194,165,170,56,47,8,8,8,8,8,28,30,56,8,8,17,10,8]} 1. d4 d5 2. c4 dxc4 3. e3 e5 4. Bxc4 exd4 5. exd4 Bd6 6. Nf3 Nf6 7. Qe2+ {D20: Queen's Gambit Accepted: 3 e3 and 3 e4} Qe7 8. Qxe7+ Bxe7 9. O-O {White is slightly better.} Nbd7 (9... O-O 10. Re1 Bd6 11. Nc3 a6 12. Bg5 Nbd7 13. a4 h6 14. Bh4 g5 15. Bg3 Kg7 16. Bb3 Re8 17. Ne5 Re7 {½-½ (17) Li,C (2724)-Alekseenko,K (2625) Qinhuangdao 2018}) 10. Nc3 Nb6 11. Bb3 c6 12. Bg5 Nfd5 13. Bxe7 Kxe7 14. Rfe1+ Be6 {[#]} 15. Ng5 $146 Rad8 16. a4 (16. Nxe6 $16 fxe6 17. Ne4) 16... a5 (16... Nc7 $1 $11 {keeps the balance.}) 17. Nxe6 $16 fxe6 18. Ne4 Nd7 19. Bxd5 (19. Ng5 {is more complex.} Nf8 20. Nf3 Nd7 21. Re2 N7f6 22. Rae1) 19... cxd5 20. Ng5 $36 {[%mdl 2048] White is in control.} Nf8 21. Ra3 h6 22. Nf3 $1 Ng6 23. Rb3 Kf6 24. h4 (24. Rxb7 $6 Rb8 $11) 24... Rhe8 (24... Rhg8 $142 25. g3 (25. Rxb7 Rb8 $14) 25... Ne7) 25. h5 $18 (25. Rxb7 Rb8 $14) 25... Ne7 26. Ne5 $1 ({Not} 26. Rxb7 Rb8 $16) 26... Nf5 27. Rxb7 {aiming for Rf7+.} Re7 28. Rxe7 Nxe7 {[%mdl 4096] Endgame KRN-KRN} 29. Re3 Rc8 30. g4 Rc1+ 31. Kg2 {Threatens to win with Rf3+.} Nc6 32. Rf3+ $1 Kg5 {[#] Threatening ...Nxe5.} 33. Nxc6 $1 Rxc6 {KR-KR} 34. Kg3 {Rf7 would kill now.} g6 35. hxg6 Kxg6 {[#]} 36. Rc3 (36. Kf4 $1 $18) 36... Rb6 $14 37. b3 {Kf4 is the strong threat.} Rb4 38. Rd3 Kg5 39. f3 Rb8 40. Re3 Kf6 41. Kf2 Rb4 42. Rd3 e5 43. dxe5+ {Accuracy: White = 71%, Black = 67%.} 1/2-1/2

[Event "VI Sunway Sitges Open 2019"]
[Site "Sitges"]
[Date "2019.12.18"]
[Round "6.12"]
[White "Moradiabadi, Elshan"]
[Black "Heimann, Andreas"]
[Result "1/2-1/2"]
[WhiteElo "2539"]
[BlackElo "2617"]
[Annotator "TA"]
[PlyCount "69"]
[EventDate "2019.12.13"]
[EventType "swiss"]
[EventCountry "ESP"]
[SourceTitle "playchess.com"]
[Source "ChessBase"]
[SourceQuality "1"]

{[%evp 21,69,15,26,26,24,10,12,12,12,14,15,0,0,0,0,-11,0,0,0,0,0,0,12,0,0,-26,0,0,0,-9,0,-15,0,0,0,0,0,0,0,0,0,0,0,0,0,0,0,0,0,0]} 1. c4 e6 2. Nc3 d5 3. d4 Nf6 4. cxd5 exd5 5. Bg5 c6 6. e3 Be7 7. Bd3 O-O 8. Qc2 Nbd7 9. Nge2 Re8 10. O-O Nf8 11. Rab1 g6 12. b4 {D36: Queen's Gambit Declined: Exchange Variation: Main line (5 Bg5 c6 6 Qc2)} a6 13. Na4 (13. a4 Ne6 14. Bh4 Ng7 15. b5 axb5 16. axb5 Bf5 17. Bxf5 Nxf5 18. Bxf6 Bxf6 19. bxc6 bxc6 {1-0 (79) Indjic,A (2599)-Yilmaz,M (2630) Valjevo 2018}) 13... Ne4 $146 ({Predecessor:} 13... Ne6 14. Bh4 Ng7 15. Nc5 Ne4 16. Bxe7 Qxe7 17. a4 Bf5 18. Ng3 Nxg3 19. hxg3 Bxd3 20. Nxd3 Nf5 21. Ne5 f6 22. Nf3 Nd6 23. Nd2 Rac8 {½-½ (23) Peczeli,Z (2036)-Heyl,T (1997) Budapest 2013}) 14. Bxe7 Rxe7 15. Bxe4 Rxe4 16. Ng3 Re7 17. Qd2 h5 18. h3 h4 19. Ne2 Bf5 20. Rb3 Ne6 21. Nc5 Ng5 22. f3 {Black should prevent e4.} Ne6 23. Rc1 Qf8 24. a4 {The position is equal.} Nxc5 25. Rxc5 Bd7 26. Nf4 Qh6 27. b5 axb5 28. axb5 Qg5 29. bxc6 bxc6 30. Ra5 Rxa5 31. Qxa5 Re8 32. Qd2 Ra8 33. Qb2 Qg3 {[#] Hoping for ...Qe1+.} 34. Rb8+ Kh7 {aiming for ...Qe1+.} 35. Rxa8 {Accuracy: White = 60%, Black = 66%.} 1/2-1/2

[Event "VI Sunway Sitges Open 2019"]
[Site "Sitges"]
[Date "2019.12.18"]
[Round "6.13"]
[White "Kelires, Andreas"]
[Black "Nihal Sarin"]
[Result "1/2-1/2"]
[WhiteElo "2510"]
[BlackElo "2612"]
[Annotator "RC"]
[PlyCount "61"]
[EventDate "2019.12.13"]
[EventType "swiss"]
[EventCountry "ESP"]
[SourceTitle "playchess.com"]
[Source "ChessBase"]
[SourceQuality "1"]
[TimeControl "40/5400+30:1800+30"]

1. d4 {[%emt 0:00:00]} Nf6 {[%emt 0:04:33]} 2. c4 {[%emt 0:00:00]} g6 {[%emt 0:00:05]} 3. Nc3 {[%emt 0:00:00]} d5 {[%emt 0:00:04]} 4. Bf4 {[%emt 0:00:38]} Bg7 {[%emt 0:00:36]} 5. e3 {[%emt 0:00:07]} O-O {[%emt 0:01:16]} 6. Rc1 {[%emt 0:00:32]} c5 {[%emt 0:03:17]} 7. dxc5 {[%emt 0:00:58]} Qa5 {[%emt 0:00:31]} 8. cxd5 {[%emt 0:03:03]} Nbd7 {[%emt 0:01:43]} 9. Qa4 {[%emt 0:38:46]} Qxa4 {[%emt 0:21:00]} 10. Nxa4 {[%emt 0:00:40]} Nxd5 {[%emt 0:00:03]} 11. Bg3 {[%emt 0:06:02]} N7f6 {[%emt 0:21:30]} 12. Bb5 {[%emt 0:05:16]} a6 {[%emt 0:04:59]} 13. Bc4 {[%emt 0:09:07]} Bd7 {[%emt 0:04:14]} 14. Nb6 {[%emt 0:04:50]} Nxb6 {[%emt 0:00:24]} 15. cxb6 {[%emt 0:00:01]} Rfc8 {[%emt 0:16:58]} 16. Ne2 {[%emt 0:01:10]} Bc6 {[%emt 0:05:36]} 17. O-O {[%emt 0:07:36]} Nd7 {[%emt 0:00:06]} 18. Nc3 {[%emt 0:09:52]} Nxb6 {[%emt 0:00:58]} 19. Be2 {[%emt 0:00:37]} Nd5 {[%emt 0:01:54]} 20. Nxd5 {[%emt 0:00:29]} Bxd5 {[%emt 0:00:02]} 21. b3 {[%emt 0:00:06]} Bb2 {[%emt 0:02:04]} 22. Rxc8+ {[%emt 0:03:04]} Rxc8 {[%emt 0:00:01]} 23. Rd1 {[%emt 0:00:08]} Rc1 {[%emt 0:03:14]} 24. Rxc1 {[%emt 0:00:28]} Bxc1 {[%emt 0:00:02]} 25. Bd3 {[%emt 0:00:27]} f5 {[%emt 0:00:23]} 26. Be5 {[%emt 0:02:29]} Kf7 {[%emt 0:00:10]} 27. Bd4 {[%emt 0:00:21]} Ke6 {[%emt 0:01:34]} 28. f3 {[%emt 0:01:25]} Kd6 {[%emt 0:00:23]} 29. Kf2 {[%emt 0:01:53]} e5 {[%emt 0:01:51]} 30. Bc3 {[%emt 0:00:06]} Ba3 {[%emt 0:01:06]} 31. e4 {[%emt 0:01:33]} 1/2-1/2

[Event "VI Sunway Sitges Open 2019"]
[Site "Sitges"]
[Date "2019.12.18"]
[Round "6.14"]
[White "Krzyzanowski, Marcin"]
[Black "Durarbayli, Vasif"]
[Result "0-1"]
[WhiteElo "2506"]
[BlackElo "2609"]
[Annotator "TA"]
[PlyCount "42"]
[EventDate "2019.12.13"]
[EventType "swiss"]
[EventCountry "ESP"]
[SourceTitle "playchess.com"]
[Source "ChessBase"]
[SourceQuality "1"]

{[%evp 13,146,4,19,12,28,28,29,24,21,-10,0,-34,-24,-37,-33,-47,-45,-136,-137,-235,-238,-242,-239,-234,-238,-212,-173,-208,-179,-481,-264,-254,-254,-544,-538,-526,-537,-552,-514,-618,-615,-608,-590,-833,-808,-772,-294,-283,-297,-278,-269,-261,-221,-236,-203,-209,-218,-194,-44,-190,-196,-196,-196,-196,-196,-196,-196,-183,-130,-130,-123,-121,-71,-71,-71,-71,-71,-316,-308,-716,-71,-71,-74,-203,-8,-50,-8,-49,-38,-315,-315,-300,-300,-1958,-2051,-2272,-2173,-2276,-1275,-2452,-2481,-2350,-2087,-2056,-1825,-2180,-2333,-29981,-29982,-29982,-29983,-29983,-29984,-29984,-29985,-29985,-29986,-29986,-29987,-29987,-29988,-29988,-29989,-29989,-29990,-29990,-29991,-29991,-29992,-29992,-29993,-29993,-29994,-29994,-4134]} 1. Nf3 c5 2. g3 Nc6 3. Bg2 g6 4. c3 Bg7 5. d4 cxd4 6. cxd4 d5 7. Nc3 e6 8. h4 {A04: Unusual lines after 1 Nf3 and King's Indian Attack} (8. O-O Nge7 9. b3 O-O 10. Ba3 b6 11. Rc1 Ba6 12. Qd2 Qd7 13. Rfd1 Rfc8 14. Rc2 Nf5 15. e3 Bf8 16. Bxf8 Kxf8 17. Bf1 Bxf1 18. Rxf1 {½-½ (38) So,W (2815)-Giri,A (2785) chess.com INT 2017}) 8... Nge7 9. h5 Nf5 {[%cal Rf5d4]} 10. e3 {White has an edge.} b6 11. Bd2 $146 ({Predecessor:} 11. b3 a5 12. Ba3 Ba6 13. Bf1 Bxf1 14. Kxf1 Nb4 15. Kg2 Qd7 16. hxg6 hxg6 17. Rxh8+ Bxh8 {½-½ (31) Kirov,N (2455)-Ninov,N (2435) Bulgaria 1995}) 11... O-O 12. Nh4 Nxh4 13. gxh4 Nb4 $36 {[%mdl 2048] Black is pushing.} 14. Bf1 e5 {...Bf5 is the strong threat.} 15. Qb3 (15. Nb5 $15 Nc6 16. dxe5) 15... a5 $1 $17 16. a3 (16. h6 $17 {might work better.} Bxh6 17. Ne2) 16... exd4 $19 17. exd4 Nc6 18. Be3 Nxd4 19. Bxd4 Qe7+ 20. Be3 d4 {[%mdl 64] Double Attack, Pin} 21. h6 $2 (21. Nd5 {is a better chance.} Qe4 {[%mdl 64] Pin} 22. h6) 21... dxe3 {Played: Bg7xh6} 0-1

[Event "VI Sunway Sitges Open 2019"]
[Site "Sitges"]
[Date "2019.12.18"]
[Round "6.15"]
[White "Gareyev, Timur"]
[Black "Gordon, Stephen J"]
[Result "1-0"]
[WhiteElo "2598"]
[BlackElo "2495"]
[Annotator "ChessBase"]
[PlyCount "73"]
[EventDate "2019.12.13"]
[EventType "swiss"]
[EventCountry "ESP"]
[SourceTitle "playchess.com"]
[Source "ChessBase"]
[SourceQuality "1"]
[TimeControl "40/5400+30:1800+30"]

1. d4 {[%emt 2:13:05]} Nf6 {[%emt 0:11:29]} 2. c4 {[%emt 0:00:37]} e6 {[%emt 0:00:14]} 3. Nc3 {[%emt 0:00:06]} Bb4 {[%emt 0:00:08]} 4. Qc2 {[%emt 0:00:04]} d5 {[%emt 0:04:16]} 5. e3 {[%emt 0:00:04]} O-O {[%emt 0:00:41]} 6. a3 {[%emt 0:00:05]} Bxc3+ {[%emt 0:06:27]} 7. Qxc3 {[%emt 0:00:26]} b6 {[%emt 0:03:26]} 8. Nf3 {[%emt 0:01:31]} Ba6 {[%emt 0:03:22]} 9. b3 {[%emt 0:00:08]} Nbd7 {[%emt 0:02:26]} 10. Be2 {[%emt 0:03:37]} c5 {[%emt 0:01:06]} 11. O-O {[%emt 0:00:43]} Rc8 {[%emt 0:10:17]} 12. a4 {[%emt 0:00:21]} dxc4 {[%emt 0:18:12]} 13. bxc4 {[%emt 0:00:25]} Qc7 {[%emt 0:01:53]} 14. Bb2 {[%emt 0:08:57]} Bb7 {[%emt 0:05:29]} 15. dxc5 {[%emt 0:13:51]} Nxc5 {[%emt 0:01:05]} 16. a5 {[%emt 0:03:13]} Rfd8 {[%emt 0:07:34]} 17. Nd4 {[%emt 0:17:11]} Nce4 {[%emt 0:02:24]} 18. Qb4 {[%emt 0:03:50]} Qc5 {[%emt 0:03:48]} 19. Qxc5 {[%emt 0:00:03]} Nxc5 {[%emt 0:05:57]} 20. f3 {[%emt 0:06:27]} bxa5 {[%emt 0:04:20]} 21. Rxa5 {[%emt 0:02:31]} a6 {[%emt 0:00:03]} 22. Rb1 {[%emt 0:10:20]} Nfd7 {[%emt 0:00:23]} 23. Ba3 {[%emt 0:01:03]} Ba8 {[%emt 0:03:29]} 24. Nb3 {[%emt 0:00:37]} Nxb3 {[%emt 0:00:39]} 25. Rxb3 {[%emt 0:00:07]} Nb8 {[%emt 0:01:49]} 26. Kf1 {[%emt 0:06:02]} Rc7 {[%emt 0:01:32]} 27. Bd6 {[%emt 0:06:37]} Rb7 {[%emt 0:00:21]} 28. Rxb7 {[%emt 0:01:46]} Bxb7 {[%emt 0:00:02]} 29. c5 {[%emt 0:01:25]} Nc6 {[%emt 0:01:07]} 30. Ra1 {[%emt 0:00:12]} Ra8 {[%emt 0:00:51]} 31. Rb1 {[%emt 0:01:54]} Ra7 {[%emt 0:00:21]} 32. f4 {[%emt 0:00:20]} f6 {[%emt 0:00:33]} 33. Bc4 {[%emt 0:00:33]} Kf7 {[%emt 0:00:31]} 34. f5 {[%emt 0:00:02]} Bc8 {[%emt 0:00:35]} 35. Rb6 {[%emt 0:00:17]} Na5 {[%emt 0:00:23]} 36. fxe6+ {[%emt 0:01:34]} Kg6 {[%emt 0:00:40]} 37. Bd5 {[%emt 0:00:49]} 1-0

[Event "VI Sunway Sitges Open 2019"]
[Site "Sitges"]
[Date "2019.12.18"]
[Round "6.16"]
[White "Liang, Awonder"]
[Black "Kacharava, Nikolozi"]
[Result "1/2-1/2"]
[WhiteElo "2593"]
[BlackElo "2416"]
[Annotator "TA"]
[PlyCount "144"]
[EventDate "2019.12.13"]
[EventType "swiss"]
[EventCountry "ESP"]
[SourceTitle "playchess.com"]
[Source "ChessBase"]
[SourceQuality "1"]

{[%evp 21,144,30,47,0,0,0,47,41,80,89,96,106,103,92,101,94,146,85,120,105,89,65,61,64,66,63,61,65,64,59,55,0,12,0,89,0,0,0,0,0,52,45,46,53,58,62,60,50,83,46,79,8,8,8,8,8,8,8,31,36,36,36,38,36,36,36,39,39,64,64,64,64,71,71,71,71,71,71,71,71,71,71,71,71,71,71,71,71,71,71,71,71,71,75,75,71,71,71,71,71,71,64,71,71,71,71,71,71,71,71,71,8,95,95,95,95,95,95,95,95,95,95,95,95,95]} 1. Nf3 Nf6 2. c4 d6 3. Nc3 g6 4. e4 e5 5. d4 exd4 6. Nxd4 Bg7 7. Be2 O-O 8. O-O Nc6 9. Be3 Re8 10. f3 Nh5 11. f4 Nf6 12. Nxc6 {E94: King's Indian: Classical: 6 Be2 e5 7 0-0: Various Black 7th moves} (12. Bf3 Ng4 13. Bxg4 Bxg4 14. Qd2 Na5 15. Qd3 f5 16. Nxf5 gxf5 17. Qd5+ Kh8 18. Qxa5 c5 19. Qxd8 Raxd8 20. Rac1 Bxc3 21. Rxc3 Rxe4 {½-½ (32) Jakovenko,D (2730)-Kokarev,D (2615) Khanty-Mansiysk 2017}) 12... bxc6 13. Bf3 {With the idea e5.} Bd7 (13... Nxe4 $5 14. Nxe4 Bf5 $11) 14. Qd2 $146 {White is slightly better.} ({Predecessor:} 14. Rc1 Rb8 15. b3 c5 16. Bf2 Qc8 17. h3 Bc6 18. Qd3 Qb7 19. Rce1 Nd7 {½-½ (41) Vescovi,G (2490)-Banikas,H (2445) Menorca 1996}) 14... Qe7 15. Rae1 Ng4 16. Bxg4 Bxg4 17. f5 gxf5 18. exf5 Qh4 (18... Qf6 $142) 19. Bg5 (19. h3 $142 $1) 19... Bxc3 20. bxc3 (20. Bxh4 $2 {perishes.} Bxd2 21. Rxe8+ Rxe8 $19) 20... Qh5 21. Rxe8+ Rxe8 22. Qf4 f6 23. Bxf6 Rf8 24. h3 Bxh3 $1 25. gxh3 {Intending Qg3+ and mate.} Rxf6 $14 {[%mdl 4096] Endgame KQR-KQR} 26. Rf3 (26. Qg4+ $14 Qxg4+ 27. hxg4) 26... Kf7 27. Kh2 Qh6 (27... c5 $11) 28. Qd4 ({White should try} 28. Qxh6 $1 $16 Rxh6 29. Kg3) 28... Qh5 29. Qe4 Kf8 30. Rf2 (30. h4 {seems wilder.} Qe8 31. Qxe8+ Kxe8 32. Kg3 Rf7 33. c5) 30... Qe8 (30... Qf7 $11) 31. Qxe8+ Kxe8 {KR-KR} 32. Kg3 Rf7 33. Re2+ Kf8 34. Kf4 Rg7 35. Rb2 Kf7 36. Rb7 ({Better is} 36. c5 $16) 36... Kf6 $11 37. Rxa7 {Hoping for Ra8.} Rg5 38. Rxc7 {aiming for Rf7+!} Rxf5+ 39. Ke4 {Strongly threatening Rf7+!} Re5+ 40. Kd3 Rh5 41. Rxc6 Rxh3+ 42. Kc2 Ke7 43. Rc7+ Kd8 44. Rg7 Kc8 45. a4 {[%cal Ba2a4,Ba4a5,Ba5a6][%mdl 32]} Rh1 46. Kb2 h5 47. a5 h4 48. a6 $1 {[%cal Ra6a7] White threatens a7 and mate.} Kb8 49. Rb7+ Ka8 {[#]} 50. Rd7 $1 h3 {[#]} 51. Rd8+ $1 Ka7 52. Rxd6 h2 53. Rh6 Rg1 54. Rxh2 {Threatens to win with Rh6.} Kxa6 55. Rh6+ Kb7 56. Kb3 Rb1+ 57. Kc2 Rg1 58. Kd3 Rg3+ 59. Kd4 Kc7 60. Re6 Rh3 61. Re3 Rh5 62. c5 Rh1 63. Kc4 Kc6 64. Re6+ Kc7 65. Rg6 Rc1 66. Kb5 (66. Rb6 $16) 66... Rxc3 (66... Rb1+ $11 {keeps the balance.} 67. Kc4 Rh1) 67. Rg7+ $16 {White is better.} Kb8 68. Kb6 {[%cal Rg7g8]} (68. Kc6 {is interesting.} Rc1 69. Rg8+ Ka7 70. Rc8 Rc3 71. Rh8) 68... Rb3+ 69. Kc6 Rc3 70. Rg5 Rc1 71. Rg8+ Ka7 72. Rc8 Rh1 {Accuracy: White = 68%, Black = 61%.} 1/2-1/2